|
|
|
|
| LEADER |
00000nam1a2200000 4500 |
| 001 |
294080 |
| 005 |
20260326071549.0 |
| 020 |
|
|
|a RU
|b 84-78305
|
| 035 |
|
|
|a (RuTPU)RU\TPU\book\319130
|
| 090 |
|
|
|a 294080
|
| 100 |
|
|
|a 20150508d1984 km y0rusy5003 ca
|
| 101 |
0 |
|
|a rus
|
| 200 |
1 |
|
|a Материализм и эмпириокритицизм
|f В. И. Ленин
|
| 210 |
|
|
|a Москва
|c Прогресс
|d 1984
|
| 215 |
|
|
|a 405 с.
|c портр.
|
| 606 |
|
|
|a Ленин В. И.
|j Отдельные произведения
|7 ca
|8 rus
|2 stltpush
|3 (RuTPU)RU\TPU\subj\73029
|9 86288
|
| 610 |
1 |
|
|a марксистско-ленинская философия
|
| 610 |
1 |
|
|a идеализм
|
| 610 |
1 |
|
|a естествознание
|
| 610 |
1 |
|
|a метафизический материализм
|
| 610 |
1 |
|
|a эмпириокритицизм
|
| 610 |
1 |
|
|a теория познания
|
| 610 |
1 |
|
|a диалектический материализм
|
| 610 |
1 |
|
|a исторический материализм
|
| 686 |
|
|
|a Т3(2)6-8Ленин156
|2 rubbk
|
| 700 |
|
1 |
|a Ленин
|b В. И.
|g Владимир Ильич
|4 070
|
| 801 |
|
0 |
|a RU
|b RuMRKP
|c 19950704
|g psbo
|
| 801 |
|
1 |
|a RU
|b 63413507
|c 20150508
|
| 801 |
|
2 |
|a RU
|b 63413507
|c 20181122
|g RCR
|
| 942 |
|
|
|c BK
|